Data Networks (Registro nro. 231379)
[ vista simple ]
| 000 -LEADER | |
|---|---|
| campo de control de longitud fija | 00733nam a2200265Ia 4500 |
| 005 - FECHA Y HORA DE LA ÚLTIMA TRANSACCIÓN | |
| campo de control | 20250425162537.0 |
| 008 - DATOS DE LONGITUD FIJA--INFORMACIÓN GENERAL | |
| campo de control de longitud fija | 250425s9999 xx 000 0 und d |
| 020 ## - NÚMERO INTERNACIONAL ESTÁNDAR DEL LIBRO | |
| Número Internacional Estándar del Libro | 0132009161 |
| 041 ## - CÓDIGO DE IDIOMA | |
| Código de lengua del texto/banda sonora o título independiente | eng |
| 043 ## - CÓDIGO DE ÁREA GEOGRÁFICA | |
| Código de área geográfica | nju |
| 082 ## - NÚMERO DE LA CLASIFICACIÓN DECIMAL DEWEY | |
| Número de clasificación | 004.6 |
| Iniciales del Autor | BER |
| 010 ## - NÚMERO DE CONTROL DE LA BIBLIOTECA DEL CONGRESO | |
| Número de control de LC | 84510 |
| 100 ## - ENTRADA PRINCIPAL--NOMBRE DE PERSONA | |
| Nombre de persona | Bertsekas, Dimitri |
| 245 #0 - MENCIÓN DEL TÍTULO | |
| Título | Data Networks |
| Mención de responsabilidad, etc. | Dimitri Bertsekas, Robert Gallager |
| 250 ## - MENCION DE EDICION | |
| Mención de edición | Segunda ed. |
| 260 ## - PUBLICACIÓN, DISTRIBUCIÓN, ETC. | |
| Lugar de publicación, distribución, etc. | Estados Unidos |
| Nombre del editor, distribuidor, etc. | Prentice Hall |
| Fecha de publicación, distribución, etc. | 1992 |
| 300 ## - DESCRIPCIÓN FÍSICA | |
| Extensión | 556 p. |
| Otras características físicas | Ilustrado |
| Dimensiones | 24 cm |
| 500 ## - NOTA GENERAL | |
| Nota general | Incluye tabla de contenido, bibliografía, índice |
| 650 ## - PUNTO DE ACCESO ADICIONAL DE MATERIA--TÉRMINO DE MATERIA | |
| Término de materia o nombre geográfico como elemento de entrada | Algoritmos informáticos |
| 650 ## - PUNTO DE ACCESO ADICIONAL DE MATERIA--TÉRMINO DE MATERIA | |
| Término de materia o nombre geográfico como elemento de entrada | Protocolo-Informática |
| 650 ## - PUNTO DE ACCESO ADICIONAL DE MATERIA--TÉRMINO DE MATERIA | |
| Término de materia o nombre geográfico como elemento de entrada | Redes de datos |
| 710 ## - ENTRADA AGREGADA--NOMBRE DE ENTIDAD CORPORATIVA | |
| Nombre de entidad corporativa o nombre de jurisdicción como elemento de entrada | S.A. |
| 902 ## - ELEMENTOS DE DATOS B LOCAL, LDB (RLIN) | |
| a | Monográfico |
| c | Impreso |
| 942 ## - ELEMENTOS DE ENTRADA SECUNDARIOS (KOHA) | |
| Tipo de ítem Koha | Libros |
| Estatus retirado | Estado de pérdida | Estado de daño | No para préstamo | Biblioteca de origen | Biblioteca actual | Fecha de adquisición | Coste, precio normal de compra | Etiqueta RFID | Total de préstamos | Código de barras | Copia número | Tipo de ítem Koha |
|---|---|---|---|---|---|---|---|---|---|---|---|---|
| CENTRO DE INFORMACIÓN BIBLIOTECARIA | CENTRO DE INFORMACIÓN BIBLIOTECARIA | 08/05/2013 | 208.00 | 0000000000000000037130 | 68056 | 1 | Libros |